[Event "Titled Tuesday intern op 25th Oct Early"]
[Site "Chess.com INT"]
[Date "2022.10.25"]
[Round "3"]
[White "Lopez Martinez, Josep Manuel"]
[Black "Skibbe, Willi"]
[Result "1-0"]
[WhiteElo "2493"]
[BlackElo "2191"]
[PlyCount "75"]
[EventDate "2022.10.25"]
[EventType "swiss (blitz)"]
[EventRounds "11"]
[EventCountry "USA"]
[SourceTitle "EXT 2024"]
[Source "ChessBase"]
[SourceDate "2023.10.10"]
[SourceVersion "1"]
[SourceVersionDate "2023.10.10"]
[SourceQuality "1"]

1. e4 e5 2. Bc4 Nf6 3. d3 Nc6 4. Nf3 Bc5 5. c3 d6 6. a4 a5 7. h3 h6 8. 0-0 0-0 9. Nbd2 Ne7 10. Re1 Ng6 11. d4 Bb6 12. Bf1 c6 13. Nc4 Bc7 14. dxe5 Nxe5 15. Bf4 Qe7 16. Ncd2 Be6 17. Qc2 Rfd8 18. Nd4 Bd7 19. Bh2 Qf8 20. f4 Ng6 21. Kh1 d5 22. e5 Nh5 23. f5 Ne7 24. g4 c5 25. Nb5 Bxb5 26. axb5 d4 27. gxh5 Nd5 28. Nc4 Qe7 29. e6 Bxh2 30. Qxh2 fxe6 31. fxe6 Qg5 32. Bg2 dxc3 33. bxc3 Nxc3 34. e7 Re8 35. Qe5 Qxe5 36. Rxe5 Nxb5 37. Bxb7 Rab8 38. Bc6 1-0

[Event "Titled Tuesday intern op 25th Oct Early"]
[Site "Chess.com INT"]
[Date "2022.10.25"]
[Round "4"]
[White "Oganian, Miran"]
[Black "Lopez Martinez, Josep Manuel"]
[Result "0-1"]
[WhiteElo "2439"]
[BlackElo "2493"]
[PlyCount "128"]
[EventDate "2022.10.25"]
[EventType "swiss (blitz)"]
[EventRounds "11"]
[EventCountry "USA"]
[SourceTitle "EXT 2024"]
[Source "ChessBase"]
[SourceDate "2023.10.10"]
[SourceVersion "1"]
[SourceVersionDate "2023.10.10"]
[SourceQuality "1"]

1. e4 d5 2. exd5 Qxd5 3. d4 Qd8 4. Nf3 g6 5. Be2 Bg7 6. 0-0 Nh6 7. Nbd2 Nf5 8. c3 0-0 9. Re1 Nd7 10. Nc4 c5 11. Bd3 cxd4 12. Bxf5 gxf5 13. Nxd4 e6 14. Qf3 Nf6 15. Bg5 Qd5 16. Qxd5 exd5 17. Bxf6 Bxf6 18. Nd6 f4 19. Nxc8 Raxc8 20. Rad1 Rfd8 21. Kf1 a6 22. Ne2 Be5 23. Rd3 Rd6 24. Red1 Rcd8 25. Nd4 f6 26. Nf5 R6d7 27. Rxd5 Rxd5 28. Rxd5 Rxd5 29. Ne7+ Kf7 30. Nxd5 Ke6 31. Nb4 a5 32. Nc2 Kd5 33. Ke2 b5 34. Kd3 h5 35. f3 Kc5 36. b4+ axb4 37. cxb4+ Kd5 38. Na3 Kc6 39. Nb1 Bd6 40. a3 Be5 41. Nc3 f5 42. h3 Bf6 43. Kc2 Bd4 44. Kb3 Be5 45. a4 bxa4+ 46. Nxa4 Kd5 47. b5 Kd4 48. b6 Ke3 49. Kc4 Kf2 50. Kd5 Bb8 51. Nc5 Kxg2 52. Nd7 Kxf3 53. Nxb8 Kg2 54. Nc6 f3 55. Nd4 f2 56. Nxf5 Kf3 57. Nd4+ Ke3 58. b7 f1Q 59. b8Q Qg2+ 60. Kc4 Qf1+ 61. Kc5 Qc1+ 62. Kd5 Qh1+ 63. Kc4 Qc1+ 64. Kd5 Qh1+ 0-1

[Event "Titled Tuesday intern op 04th Oct Early"]
[Site "Chess.com INT"]
[Date "2022.10.04"]
[Round "8"]
[White "Gunduz, Umut Erdem"]
[Black "Lopez Martinez, Josep Manuel"]
[Result "1-0"]
[WhiteElo "2282"]
[BlackElo "2493"]
[PlyCount "125"]
[EventDate "2022.10.04"]
[EventType "swiss (blitz)"]
[EventRounds "11"]
[EventCountry "USA"]
[SourceTitle "EXT 2023"]
[Source "ChessBase"]
[SourceDate "2022.10.05"]
[SourceVersion "1"]
[SourceVersionDate "2022.10.05"]
[SourceQuality "1"]

1. e4 c5 2. Nf3 e6 3. d4 cxd4 4. Nxd4 a6 5. c4 Nf6 6. Nc3 Bb4 7. Nc2 Bxc3+ 8. bxc3 Qa5 9. Qd3 Nc6 10. Be2 b5 11. cxb5 axb5 12. 0-0 0-0 13. Ba3 Re8 14. Bd6 Qa4 15. Nb4 Bb7 16. e5 Nxb4 17. cxb4 Ne4 18. Rfc1 Nxd6 19. Qxd6 Bc6 20. a3 Qb3 21. Qd4 Rxa3 22. Rxa3 Qxa3 23. Rc3 Qa1+ 24. Bf1 Ra8 25. h4 h6 26. Qd2 Ra2 27. Qe3 Rb2 28. Rc1 Rb1 29. Rxb1 Qxb1 30. Qc5 Bd5 31. Qxb5 Kh8 32. f3 Qc1 33. Qc5 Qxc5+ 34. bxc5 Bc6 35. Kf2 f6 36. f4 Kg8 37. Ke3 Kf7 38. g4 fxe5 39. fxe5 g5 40. h5 Ke7 41. Kd4 Kd8 42. Be2 Kc7 43. Kc4 Bd5+ 44. Kb5 Be4 45. Bd1 Bd5 46. Be2 Bc6+ 47. Kc4 Kb7 48. Kb4 Ka7 49. Ka5 Bd5 50. Bb5 Bf3 51. Bxd7 Bxg4 52. c6 Bf3 53. c7 Bb7 54. c8Q Bxc8 55. Bxc8 g4 56. Bxe6 g3 57. Bd5 Kb8 58. Kb6 Kc8 59. Kc6 Kd8 60. Kd6 Ke8 61. e6 Kf8 62. e7+ Ke8 63. Bc6+ 1-0

[Event "Titled Tuesday intern op 04th Oct Early"]
[Site "Chess.com INT"]
[Date "2022.10.04"]
[Round "7"]
[White "Ingebretsen, Jens E"]
[Black "Lopez Martinez, Josep Manuel"]
[Result "1/2-1/2"]
[WhiteElo "2363"]
[BlackElo "2493"]
[PlyCount "121"]
[EventDate "2022.10.04"]
[EventType "swiss (blitz)"]
[EventRounds "11"]
[EventCountry "USA"]
[SourceTitle "EXT 2023"]
[Source "ChessBase"]
[SourceDate "2022.10.05"]
[SourceVersion "1"]
[SourceVersionDate "2022.10.05"]
[SourceQuality "1"]

1. Nf3 Nf6 2. d3 g6 3. e4 Bg7 4. e5 Nd5 5. c4 Nb6 6. Nc3 d6 7. exd6 cxd6 8. Be3 0-0 9. Qd2 Bg4 10. Be2 Nc6 11. h3 Be6 12. 0-0 d5 13. Bxb6 axb6 14. Ng5 d4 15. Nxe6 dxc3 16. Nxd8 cxd2 17. Nxc6 bxc6 18. Rad1 Rxa2 19. Rxd2 Rxb2 20. Rxb2 Bxb2 21. Bf3 Rc8 22. Rb1 Bd4 23. Kf1 e6 24. Rb3 Kf8 25. Ra3 Rc7 26. Ra8+ Ke7 27. Rb8 h5 28. g3 Kd6 29. Rd8+ Kc5 30. Ke2 b5 31. cxb5 cxb5 32. Rb8 b4 33. g4 hxg4 34. hxg4 Be5 35. Be4 Ra7 36. Rc8+ Bc7 37. Ke3 b3 38. d4+ Kc4 39. Bd3+ Kc3 40. f4 b2 41. f5 exf5 42. gxf5 g5 43. f6 Kb3 44. Kf3 Ka2 45. Kg4 Bf4 46. Re8 Ra4 47. Bc2 b1Q 48. Bxb1+ Kxb1 49. Re7 Rxd4 50. Rxf7 Kc2 51. Kf5 Kd3 52. Rg7 Rd5+ 53. Ke6 Rd6+ 54. Ke7 Rd4 55. f7 Bd6+ 56. Ke6 g4 57. Rxg4 Rxg4 58. Kxd6 Rf4 59. Ke7 Ke4 60. f8R Rxf8 61. Kxf8 1/2-1/2

[Event "Titled Tuesday intern op 04th Oct Early"]
[Site "Chess.com INT"]
[Date "2022.10.04"]
[Round "9"]
[White "Lopez Martinez, Josep Manuel"]
[Black "Fernandez Siles, Luis"]
[Result "0-1"]
[WhiteElo "2493"]
[BlackElo "2220"]
[PlyCount "46"]
[EventDate "2022.10.04"]
[EventType "swiss (blitz)"]
[EventRounds "11"]
[EventCountry "USA"]
[SourceTitle "EXT 2023"]
[Source "ChessBase"]
[SourceDate "2022.10.05"]
[SourceVersion "1"]
[SourceVersionDate "2022.10.05"]
[SourceQuality "1"]

1. c4 Nf6 2. b3 g6 3. Bb2 Bg7 4. Nf3 0-0 5. g3 d6 6. Bg2 e5 7. 0-0 Nc6 8. d3 Be6 9. Nc3 h6 10. Nd2 Qd7 11. Re1 Rae8 12. a3 h5 13. b4 h4 14. e3 Bg4 15. Qa4 hxg3 16. hxg3 Qf5 17. Nde4 Bf3 18. Nxf6+ Bxf6 19. Ne4 Kg7 20. b5 Rh8 21. bxc6 Qh5 22. Kf1 Qh1+ 23. Bxh1 Rxh1# 0-1